000 00254cam a2200109ua 4500
082 _a923.2
_bSAN/DE
100 _aSankaran, Morayath .
_91814
245 _aDeshabandhu Das
260 _aCalicut :
_bP.K Brothers ,
_c1964.
300 _a152 ; .
942 _cBK
999 _c4112
_d4112